000 00519nam a2200217Ia 4500
003 OSt
005 20220924133418.0
006 a|||||r|||| 00| 0
007 ta
008 220923b |||||||| |||| 00| 0 snd d
024 _a265187
037 _cTextual
040 _aARTS
_cARTS
_bsnd
041 _2snd
_asnd
082 _aQ4:417, 1593J4
100 _aMotwani
_9206382
245 0 _aPaveetra pul
260 _c1954
942 _hQ4:417, 1593J4
_cTEXL
_2CC
999 _c433729
_d433729